000 00524nam a2200181Ia 4500
008 090124s9999 xx 000 0 und d
082 _b102678
100 _aजोशी श्रीपाद
245 _a चिनी कथा कुंज
250 _a1
260 _c1947
300 _a47
600 _aजोशी श्रीपाद
630 _a चिनी कथा कुंज
700 _aजोशी श्रीपाद
730 _a चिनी कथा कुंज
942 _cBOOK
999 _c148770
_d148770